MARC

LEADER 00000cam a2200000 a 4500
001 vtls001198801
003 SK-MaSNL
005 20260426013506.0
008 240226s1987 xo dal frn 000 0 slo
015 |a SNBA1987 
020 |q (brožované) 
035 |a SNK000141870 
035 |a 065CCE26-49BA-4F0E-A4AE-66FE5F8C50DE 
035 |a urn:nbn:sk:snk-am00iepq 
040 |a SNK  |b slo  |c SNK  |e AACR2 
041 0 |a slo 
043 |a e-xo--- 
044 |a xo  |c SK 
072 7 |a 616  |x Patológia. Klinická medicína  |2 konspekt 
080 |a 616.831-004.6/-005  |2 2001 
080 |a 616.13-004.6  |2 2001 
080 |a 616.12-008.331.1  |2 2011 
080 |a 616.379-008.64  |2 2011 
080 |a (437.641)  |2 2011 
080 |a (079)  |2 2011 
245 0 0 |a Cerebrovaskulárne ochorenia v okrese Martin  |c M. Drobný, J. Fundárek, V. Krajňák, A. Švaleková, J. Adamkov, P. Chaba, M. Krátky 
260 |a Martin  |b Neurologická klinika FNsP  |c 1987 
300 |a 71 strán, [33] strán tabuľkových a diagramových príloh  |b grafy, ilustrácie, tabuľky  |c 24 cm 
366 |e 150 kusov 
504 |a Bibliografia na strane 34-36 
610 2 7 |a Univerzita Komenského v Bratislave.  |b Jesseniova lekárska fakulta v Martine.  |b Neurologická klinika  |2 SNKKA  |9 224411 
610 2 7 |a Fakultná nemocnica s poliklinikou (Martin, Slovensko).  |b Neurologická ambulancia  |2 SNKKA  |9 720017 
610 2 7 |a Okresný ústav národného zdravia (Martin, Slovensko)  |2 SNKKA  |9 224410 
610 2 7 |a Okresný štatistický úrad (Martin, Slovensko)  |2 SNKKA  |9 720018 
610 2 7 |a Kardiovaskulárny a onkologický program (KVOP)  |2 SNKKA  |9 720019 
648 7 |a 1983-1986  |2 SNKPH  |9 720020 
650 0 7 |a artérioskleróza  |2 SNKPH  |9 2429 
650 0 7 |a hypertenzia  |2 SNKPH  |9 2490 
650 0 7 |a diabetes mellitus  |2 SNKPH  |9 72741 
650 0 7 |a cerebrovaskulárne choroby  |2 SNKPH  |9 92660 
650 0 7 |a cievne mozgové príhody  |2 SNKPH  |9 79741 
651 7 |a Martin (Slovensko : okres)  |2 SNKPHgeo  |9 73088 
655 7 |a zdravotnícka osveta  |2 SNKPH  |9 72803 
655 7 |a záverečné práce  |2 SNKPH  |9 73119 
700 1 |a Drobný, Michal,  |d 1934-  |4 aut  |9 178678 
700 1 |a Fundárek, Jozef,  |c lekár  |4 aut  |9 720021 
700 1 |a Krajňák, Viliam,  |d 1951-  |4 aut  |9 112079 
700 1 |a Švaleková, Antónia  |4 aut  |9 720022 
700 1 |a Adamkov, J.  |4 aut  |9 720023 
700 1 |a Chaba, P.  |4 aut  |9 720024 
700 1 |a Krátky, Milan  |c lekár  |4 aut  |9 79869 
852 |a Slovenská národná knižnica 
954 |a odborná, vedecká literatúra pôvodná (slovenská)  |2 lita 
958 |a RK 
958 |a TL 
958 |a MI 
958 |a OND 
958 |a NB 
958 |a EUIPO 
999 |c 1124875  |d 1126805 
952 |a SNK  |b SNK  |y PREZ  |7 0  |p 17A0934957  |o snkSC 68327  |i snkKSP 4578/87  |0 0  |1 0  |4 0  |d 2012-08-22  |f 1  |l 0  |r 2025-07-14 00:00:00  |w 2026-02-24 
952 |t P60, <04>, [BOOK], {604}  |a SNK  |b SNK  |y VYP  |7 0  |p 17A0173662  |o snkSC 68327 D1  |0 0  |1 0  |4 0  |d 1998-12-10  |l 0  |r 2005-01-01 00:00:00  |w 2026-02-24